The Albion, or, British, colonial, and foreign weekly gazette.

Bibliographic Details
New Title:Albion (New York, N.Y. : 1857)
Previous Title:Anglo American
Format: Newspaper
Language:English
Published: New-York : J.S. Bartlett, 1822-1856.
Subjects:
Online Availability: Check for online availability

MARC

Tag First Indicator Second Indicator Subfields
LEADER 00000cas a2200000 a 4500
001 in00002821749
005 20200918142746.0
008 130306d18221856nyuwr ne 0 a0eng c
010 |a sn 86038019  
022 0 |a 2155-0034  |2 1 
035 |a (OCoLC)ocm11306386 
035 |a (OCoLC)11306386 
040 |a NYG  |b eng  |c NYG  |d PIT  |d IUL  |d DLC  |d NPA  |d PPM  |d KNP  |d MUL  |d NYG  |d MFN  |d NYS  |d NSD  |d MGN  |d NYS  |d CNK  |d NVK  |d DCN  |d DLC  |d CVF  |d NYS  |d DLC  |d OCLCQ  |d GUA  |d KRTAS  |d DLC  |d OCLCQ  |d OCLCF  |d TXA  |d UtOrBLW 
042 |a pcc  |a nsdp 
043 |a n-us-ny 
049 |a TXAM 
050 0 0 |a AP2  |b .A306 
090 |a AP2  |b .A3102 
222 4 |a The Albion, or, British, colonial, and foreign weekly gazette 
245 0 4 |a The Albion, or, British, colonial, and foreign weekly gazette. 
246 3 0 |a British, colonial, and foreign weekly gazette 
246 1 7 |a Albion 
264 1 |a New-York :  |b J.S. Bartlett,  |c 1822-1856. 
300 |a 35 volumes ;  |c 34 cm 
310 |a Weekly 
336 |a text  |b txt  |2 rdacontent 
337 |a unmediated  |b n  |2 rdamedia 
338 |a volume  |b nc  |2 rdacarrier 
362 0 |a Vol. 1, no. 1 (June 22, 1822)-v. 11, no. 30 (Dec. 29, 1832) ; New ser., v. 1, no. 1 (Jan. 5, 1833)-new ser., v. 6, no. 52 (Dec. 28, 1838) ; new ser., v. 1, no. 1 (Jan. 5, 1839)-new ser., v. 15, no. 52 (Dec. 27, 1856). 
500 |a The Cushing Library/Chapman Texas Collection copy is part of the Floyd & Louise Chapman Texas & Borderlands Collection.  |5 TXA 
500 |a Previously classed as a periodical in LC. 
500 |a The Cushing Library/Texas & Borderlands copies were acquired for articles on Texas before, during, and immediately following the Texas Revolution. Spanning the years 1835 through 1837 a sampling of the fascinating articles include: November 28, 1835: "Texas - Capture of Goliad," with a reproduced letter from Brazoria, dated October 22, 1835, giving details on action taken to procure the fort. [and:] January 16, 1836: "Texian Army Triumphant," regarding the capture of San Antonio by the Texan rebels with an additional update in the next column: "The intelligence from Texas is most favourable...St. Antonio de Bexar has at length been taken...Texas is now entirely free from Mexican troops..." [and:] April 2, 1836: "Important from Texas," reproduced letter, dated March 17 from New Orleans, reporting the beginning of the siege of the Alamo. News had yet to reach New Orleans of the Alamo's fall. [and:] April 9, 1836: "The intelligence from this country has now assumed a more definite and important character. A solemn Declaration of Independence has been made and adopted unanimously...Rumours are afloat that a negotiation is actually going on for a sale, cession or transfer of Texas to the United States..."[and:] April 16, 1836: Regarding the fall of the Alamo and the deaths of Crockett, Bowie, and Travis: "...published accounts give frightful details of the barbarities committed...[which]will no doubt produce a favourable influence in favour of the Texian cause." [and:] April 30, 1836: "Meeting in Favour of Texas," describing an address by Austin to supporters organizing on behalf of Texas with news on Santa Anna's advances. [and:] June 4, 1836: "Further Accounts from Texas of the Defeat and Capture of Santa Anna," with a copy of Houston's letter from San Jacinto declaring victory. 
515 |a Issue for Oct. 20, 1827 misdated Oct. 19, 1827. 
515 |a Numbering varies. 
530 |a Also available online. 
536 |a The Cushing Library/Rare Books copy was given through the estate of M. D. "Bert" Wheeler College Station, Texas, 1999. 
651 0 |a New York (N.Y.)  |v Newspapers. 
651 0 |a New York County (N.Y.)  |v Newspapers. 
651 7 |a New York (State)  |z New York.  |2 fast  |0 (OCoLC)fst01204333 
651 7 |a New York (State)  |z New York County.  |2 fast  |0 (OCoLC)fst01234953 
655 7 |a Newspapers.  |2 fast  |0 (OCoLC)fst01423814 
752 |a United States  |b New York  |c New York  |d New York. 
776 1 |t Albion, or, British, colonial, and foreign weekly gazette (Online)  |w (DLC) 2008233059  |w (OCoLC)48649004 
780 0 5 |t Anglo American  |g Nov. 1847 
785 0 0 |t Albion (New York, N.Y. : 1857)  |x 1052-603X  |w (DLC)sn 88074258  |w (OCoLC)1641961 
948 |a cataloged  |b h  |c 2014/4/2  |d c  |e lschille  |f 4:44:01 pm 
994 |a C0  |b TXA 
999 |a MARS 
999 f f |s 8e587692-0abe-3f9e-bc85-47a93101a065  |i eb92013d-67af-3be1-8664-a8187833f955  |t 0 
952 f f |p noncirc  |a Texas A&M University  |b College Station  |c Cushing Memorial Library & Archives  |d Cushing: Chapman Texas Collection (Does not check out)  |t 0  |e AP2 .A3102  |f Oversize  |h Library of Congress classification  |i unmediated -- volume 
952 f f |p noncirc  |a Texas A&M University  |b College Station  |c Cushing Memorial Library & Archives  |d Cushing: Rare Books (Does not check out)  |t 0  |e AP2 .A3102  |f Flat File  |h Library of Congress classification  |i unmediated -- volume 
998 f f |a AP2 .A3102  |s New ser. v.5:no.18 (1837:May 6)  |t 0  |l Cushing: Chapman Texas Collection (Does not check out) 
998 f f |a AP2 .A3102  |s new ser.:v.6:no.45 (1838:Nov.10)  |t 0  |l Cushing: Rare Books (Does not check out)